000
00314nam a22001457a 4500
008
230516b ||||| |||| 00| 0 eng d
020
_a
9780994347084
041
_a
eng
080
_a
72
082
_a
72COL
100
_a
19
101
_a
ART
245
_a
DESIGNING UX;PROTOTYPING
_c
COLEMAN.B
942
_2
udc
_c
BK
999
_c
59726
_d
59726